000 00414nam a2200169Ia 4500
005 20250728154339.0
008 250728s9999 xx 000 0 und d
020 _a1852079304
082 _a951.055
_bJAR
100 _aJarman, Robert L.
245 0 _aChina Political Reports 1911-1960: 1922-1923
260 _c2001
300 _a728 pages
500 _aNo Description
650 _aChina
942 _cENGLISH
999 _c577639
_d577639